Generic security services for light weight VOIP clients (Record no. 13057)

000 -LEADER
fixed length control field 00498nam a22001457a 4500
082 ## - DEWEY DECIMAL CLASSIFICATION NUMBER
Classification number BESE-1 UZM
100 ## - MAIN ENTRY--PERSONAL NAME
Personal name Uzma Mir
9 (RLIN) 92613
245 ## - TITLE STATEMENT
Title Generic security services for light weight VOIP clients
260 ## - PUBLICATION, DISTRIBUTION, ETC.
Place of publication, distribution, etc. Islamabad
Name of publisher, distributor, etc. NUST-SEECS
Date of publication, distribution, etc. 2014
300 ## - PHYSICAL DESCRIPTION
Extent 57
Other physical details 25cm
Accompanying material CD ROM
500 ## - GENERAL NOTE
General note Supervisors: Dr. Abdul Ghafoor, Mr. Muhammad Qaisar Chaudhary
700 ## - ADDED ENTRY--PERSONAL NAME
Personal name Hijab Nazir, Muhammad Tahaa Suhail Maniar
9 (RLIN) 92614
856 ## - ELECTRONIC LOCATION AND ACCESS
Uniform Resource Identifier <a href="http://10.250.8.41:8080/xmlui/handle/123456789/8378">http://10.250.8.41:8080/xmlui/handle/123456789/8378</a>
942 ## - ADDED ENTRY ELEMENTS (KOHA)
Koha item type Project Report
Source of classification or shelving scheme
Holdings
Withdrawn status Lost status Source of classification or shelving scheme Damaged status Not for loan Permanent Location Current Location Shelving location Date acquired Total Checkouts Full call number Barcode Date last seen Date last checked out Price effective from Koha item type
WITHDRAWN         Central Library (CL) Central Library (CL) General Stacks 08/25/2014 1 BESE-1 UZM SEECSP01511 01/19/2015 12/15/2014 10/26/2014 Project Report
© 2023 Central Library, National University of Sciences and Technology. All Rights Reserved.